000
00300pab a2200121 454500
008
180718b xxu||||| |||| 00| 0 eng d
100
_a
Arjun, Singh
245
_a
Conservation of urban environment
650
_a
Conservation
650
_a
Environment - India
773
_a
Civic Affairs
909
_a
21345
999
_c
21345
_d
21345